000 00508cam a22002171 4500
001 sa 68016857
003 DLC
005 20260227112658.0
008 891227s1968 ii 000 1 hino
010 _asa 68016857
035 _a(OCoLC)20822008
040 _aDLC
_cWaU
_dDLC
042 _apremarc
050 0 0 _aPK2098.S49
_bA78
100 1 _aSharma, Shri Ram,
_d1909-
245 1 0 _aAn̆dhī kā utāra.
260 _c[1968]
300 _a195 p.
_c19 cm.
500 _aIn Hindi.
500 _aA novel.
999 _c87353
_d87353